Top 10 Irish counties by population - Statistics

General Stats
  • This quiz has been taken 20 times
  • The average score is 7 of 10
Answer Stats
Population Answer % Correct
584,156 Cork
100%
1,458,154 Dublin
100%
277,737 Galway
83%
220,826 Limerick
83%
651,321 Antrim
67%
553,261 Down
67%
220,826 Armagh
61%
252,231 Derry
56%
220,826 Meath
56%
247,774 Kildare
39%
No matching quizzes found
Score Distribution
Percent of People with Each Score
Percentile by Number Answered
Your Score History
You have not taken this quiz